Statistics for Countries Closest to Yugoslavia

Click here to take the quiz!

General Stats

  • This quiz has been taken 1,861 times
  • The average score is 17 of 20

Answer Stats

kmCountrymiles% Correct
0Greece0
97%
0Italy0
97%
0Austria0
96%
0Hungary0
95%
0Romania0
95%
0Bulgaria0
94%
118Germany73
93%
0Albania0
90%
268Turkey167
90%
337Poland204
89%
405France252
88%
224Switzerland139
87%
141San Marino87
81%
311Vatican City193
80%
298Liechtenstein185
76%
284USSR176
67%
189Czechoslovakia118
65%
513Monaco319
64%
669Belgium416
62%
634Luxembourg394
60%

Score Distribution

Percentile by Number Answered

Percent of People with Each Score

Your Score History

You have not taken this quiz